La malaise de la pensée philosophique / (Registro nro. 49987)

Detalles MARC
000 -LEADER
campo de control de longitud fija 00453nam a2200157 i 4500
001 - NÚMERO DE CONTROL
campo de control 49987
003 - IDENTIFICADOR DE NÚMERO DE CONTROL
campo de control ES-MaACL
005 - FECHA Y HORA DE LA ÚLTIMA TRANSACCIÓN
campo de control 20230906162110.0
007 - CAMPO FIJO DE DESCRIPCIÓN FÍSICA--INFORMACIÓN GENERAL
campo de control de longitud fija t|
008 - DATOS DE LONGITUD FIJA--INFORMACIÓN GENERAL
campo de control de longitud fija 030728s1905 fr ||||1| fre d
100 1# - ENTRADA PRINCIPAL--NOMBRE DE PERSONA
Nombre de persona Cresson, André.
9 (RLIN) 41564
245 13 - MENCIÓN DEL TÍTULO
Título La malaise de la pensée philosophique /
Mención de responsabilidad, etc. par André Cresson.
260 ## - PUBLICACIÓN, DISTRIBUCIÓN, ETC.
Lugar de publicación, distribución, etc. Paris :
Nombre del editor, distribuidor, etc. Félix Alcan,
Fecha de publicación, distribución, etc. 1905 (
Lugar de fabricación/manufactura Lyon :
Fabricante Lyon Schneider)
300 ## - DESCRIPCIÓN FÍSICA
Extensión 199 p. ;
Dimensiones 18 cm.
852 ## - LOCALIZACIÓN
Ubicación ES-MaACL
Número de control de estantería F-11936
Existencias
Estatus retirado Estado de pérdida Estado de daño No para préstamo Biblioteca de origen Biblioteca actual Ubicación en estantería Fecha de adquisición Fuente de adquisición Total de préstamos Signatura topográfica completa Código de barras Visto por última vez Precio de reemplazo Tipo de ítem Koha
        Biblioteca del Ateneo de Madrid Biblioteca del Ateneo de Madrid Sala Pecera Planta 2 17/01/2008     F-11936 1052587 23/02/2023 23/02/2023 Libro impreso